| 000 | 01039nam a2200265 4500 | ||
|---|---|---|---|
| 001 | 178765 | ||
| 003 | ES-MaACL | ||
| 005 | 20250911062851.0 | ||
| 008 | 110617s2009 sp |||| | spa d | ||
| 020 | _a978-84-9895-731-0 | ||
| 080 | _a82-1"19"(082.2) | ||
| 245 | 0 | 0 |
_aPoemas a toda plana _b: poesía y periodismo / _cJuan José Téllez (ed.) ; prólogo de Luis García Montero. |
| 260 |
_aMadrid : _bVisor Libros, _c[2009] |
||
| 300 |
_a314 p. ; _c20 cm. |
||
| 490 | 1 |
_aColección Visor de poesía ; _v731 |
|
| 505 | 8 |
_aContiene: ; _tPeriodismo y poesía / _rL. García Montero. -- _tPoesía en la redacción / _rJ.J. Téllez |
|
| 650 | 0 | 4 |
_aPoesía- _yS.XX _916200 |
| 650 | 4 |
_aPeriodismo y literatura- _zEspaña _915960 |
|
| 700 | 1 |
_aTéllez, Juan José. _9109632 |
|
| 700 | 1 |
_aGarcía Montero, Luis, _d1958- _954978 |
|
| 830 | 0 |
_aColección Visor de poesía _v731 _9177331 |
|
| 852 |
_aES-MaACL _jA-11291 _9185626 _bR.145613 _cDEPO1 _dOlim: N-4295 |
||
| 942 |
_2udc _cMONOGRAFIA |
||
| 999 |
_c178765 _d178765 |
||